| 000 | 00449nam a2200169Ia 4500 | ||
|---|---|---|---|
| 003 | LK-CoDNM | ||
| 008 | 010623t1896 xxu||||| |||| 00| 1 sin d | ||
| 040 |
_aLK-CoDNM _dLK-CoDNM _eLK-CoDNM |
||
| 041 | _asin | ||
| 080 | _a104 E.4 | ||
| 100 |
_aGunawardana, Irving _eed. |
||
| 245 | _aසිතුමිණ සඟරාව | ||
| 246 | _aSitumina sangarava Vol. 1 / ix | ||
| 260 |
_bSubooda _aColombo _c1896 |
||
| 300 | _b13p., 25 cm | ||
| 942 | _cBK | ||
| 999 |
_c84374 _d84374 |
||